Gaming Quiz

Random Gaming or Pokémon Quiz

Grass Pokemon With A Second Type Quiz Stats

 Plays Quiz not verified by Sporcle

Also try: Pokémon Types
Challenge
Share
Tweet
Embed
Score 0/35 Timer 06:00
0 Plays Today
Pokedex No. Pokemon % Correct
#1Bulbasaur
100%
#2Ivysaur
99.6%
#3Venusaur
98.5%
#44Gloom
93.6%
#45Vileplume
93.6%
#43Oddish
93.2%
#70Weepinbell
91.7%
#69Bellsprout
91.3%
#71Victreebel
91.3%
Legendary #251Celebi
86%
#46Paras
84.8%
#47Parasect
84.5%
#103Exeggutor
80.7%
#102Exeggcute
79.9%
#270Lotad
79.5%
#272Ludicolo
79.5%
#271Lombre
79.2%
#189Jumpluff
76.9%
Pokedex No. Pokemon % Correct
#187Hoppip
76.1%
#188Skiploom
75.8%
#275Shiftry
75%
#274Nuzleaf
74.2%
#389Torterra
73.9%
#357Tropius
73.5%
#315Roselia
68.2%
#286Breloom
67.8%
#407Roserade
66.3%
#332Cacturne
64.4%
#460Abomasnow
64.4%
#406Budew
63.6%
#459Snover
62.5%
#345Lileep
61.4%
#346Cradily
61.4%
#413Wormadam
48.1%
Shaymin
43.2%

You're not logged in!

Compare scores with friends on all Sporcle quizzes.
OR
Log In

You Might Also Like...

Show Comments

Extras

Top Quizzes Today


Score Distribution

Your Account Isn't Verified!

In order to create a playlist on Sporcle, you need to verify the email address you used during registration. Go to your Sporcle Settings to finish the process.

Report this User

Report this user for behavior that violates our Community Guidelines.

Details: